000 01152nas a2200397 4500
001 BR0303095
003 BR-BrBNA
005 20231205103935.0
007 ta
008 230509b bl.|||p| |||| 00| 00por d
040 _aBR-BrBNA
_bpor
_cBiblioteca Nacional de Agricultura
041 _a(Pt)
072 _aL01; L02
100 1 _aZundt, M.
100 1 _aMacedo, F. de A.F. de
100 1 _aMartins, E.N.
100 1 _aMexia, A.A.
100 1 _aNieto, L.M.
100 1 _aYamamoto, S.M.
100 1 _aMacedo, R.M.G. de
245 1 _aCaracterísticas de carcaça de cordeiros terminados em confinamento, com dietas contendo diferenes níveis protéicos
650 _aCORDEIRO
650 _aCONFINAMENTO
650 _aTERMINAÇÃO
650 _aNUTRIÇÃO ANIMAL
650 _aPROTEÍNA
650 _aABATE
650 _aCARCAÇA
650 _aPESO
650 _aANÁLISE QUALITATIVA
650 _aANÁLISE QUANTITATIVA
650 _aRENTABILIDADE
773 0 _tCiência Rural (Brazil)
_xISSN 0103-8478
_g(May-Jun 2003), v. 33(3) p. 565-571
_wBR0303095
909 _a202311
_bLúcia
_c55
_dLúcia Elande
942 _2AGRIS
_n0
_cANA
999 _c175553
_d175553